Logo BPK

Biblioteka

Politechniki Koszalińskiej

HealthWatch : (Rekord nr 50187)

Szczegóły MARC
000 -ETYKIETA REKORDU
podpole kontrolne o stałej długości 00752nam a2200217 i 4500
001 - NUMER KONTROLNY REKORDU
pole kontrolne bgj
020 ## - MIĘDZYNARODOWY ZNORMALIZOWANY NUMER KSIĄŻKI - ISBN
ISBN 013501669X (pbk)
040 ## - ŹRÓDŁO KATALOGOWANIA
Instytucja, która utworzyła rekord BPK
041 0# - KOD JĘZYKA
Kod języka tekstu eng
920 ## - Międzynarodowy znormalizowany numer książki – ISBN
ISBN 0-13-501669-X (pbk)
008 - POLE O STAŁEJ DŁUGOŚCI - DANE KONTROLNE
podpole kontrolne o stałej długości s uk f |000 0 eng
100 1# - NAZWA OSOBOWA
Nazwa osobowa ARCARIO, Paul
245 10 - TYTUŁ/ODPOWIEDZIALNOŚĆ
Tytuł HealthWatch :
Ciąg dalszy tytułu teacher's manual : answer key /
Pozostałe elementy strefy tytułu i oznaczenia odpowiedzialności Paul Arcario ; Susan Stempleski, series editor.
260 ## - STREFA ADRESU WYDAWNICZEGO
Miejsce wydania Englewood Cliffs :
Nazwa wydawcy/dystrybutora Prentice Hall Regents,
Data publikacji, dystrybucji/powstania dokumentu c. 1994.
300 ## - STREFA OPISU FIZYCZNEGO
Objętość 45 pp ;
Rozmiary 22 cm.
490 1# - STREFA SERII I DOKUMENTU WIELOCZĘŚCIOWEGO - FORMA NIE DO WYSZUKIWANIA
Tytuł i oznaczenie odpowiedzialności serii ABC News Intermediate ESL Video Library / Series edited by Susan Stempleski
650 #9 - HASŁO PRZEDMIOTOWE W FORMIE NAZWY OGÓLNEJ LUB JEDNOSTKOWEJ
Nazwa ogólna lub geograficzna Health
700 1# - HASŁO DODATKOWE - NAZWA OSOBOWA
Nazwa osobowa STEMPLESKI, Susan.
Określenie związku między hasłem a opisywanym materiałem series editor
830 #0 - HASŁO DODATKOWE SERII LUB DOKUMENTU WIELOCZĘŚCIOWEGO - TYTUŁ UJEDNOLICONY
Tytuł ujednolicony ABC News Intermediate ESL Video Library (Series edited by Susan Stempleski)
942 ## - DODATKOWE ELEMENTY (KOHA)
Typ dokumentu Książka
Egzemplarze
Wycofany Status egzemplarza Uszkodzony Dostępność Lokalizacja stała Lokalizacja bieżąca Miejsce przechowywania Sygnatura Kod kreskowy Typ dokumentu
      Tylko na miejscu Biblioteka Politechniki Koszalińskiej Biblioteka Politechniki Koszalińskiej Czytelnia Wydziałowa ul. Kwiatkowskiego 6e BR 97 09000827 Książka
© 2023 Biblioteka Politechniki Koszalińskiej :: KOHA